| 000 | 00322nam a22001337a 4500 | ||
|---|---|---|---|
| 003 | SGT | ||
| 020 | _a9780198075387 | ||
| 082 |
_a070 _bO12K |
||
| 100 | _aKHOSLA, MADHAV | ||
| 245 |
_aOXFORD INDIA SHORT INTRODUCTIONS _bTHE INDIAN CONSTITUTION |
||
| 260 |
_bOXFORD UNIVERSITY PRESS _c2012 |
||
| 300 | _a191 | ||
| 942 |
_2ddc _cBK |
||
| 999 |
_c28863 _d28863 |
||